Quantum mechanics : (Record no. 49168)

MARC details
000 -LEADER
fixed length control field 00816nam a22002297a 4500
005 - DATE AND TIME OF LATEST TRANSACTION
control field 20101214145132.0
008 - FIXED-LENGTH DATA ELEMENTS--GENERAL INFORMATION
fixed length control field 101214t xxu||||| |||| 00| 0 eng d
010 ## - LCCN (DPL NO)
LC control number ENG-101808
020 ## - INTERNATIONAL STANDARD BOOK NUMBER
International Standard Book Number 9788120340695
Terms of availability 295.00
035 ## - SYSTEM CONTROL NUMBER
System control number EN-85341
037 ## - SOURCE OF ACQUISITION
Source of stock number/acquisition DBAD / PUB
040 ## - CATALOGING SOURCE
Original cataloging agency dpl
Language of cataloging English
082 ## - DEWEY DECIMAL CLASSIFICATION NUMBER
Classification number 530.12
100 ## - MAIN ENTRY--PERSONAL NAME
Personal name Aruldhas, G.
9 (RLIN) 24777
245 ## - TITLE STATEMENT
Title Quantum mechanics :
Statement of responsibility, etc by G. Aruldhas
Remainder of title 500 problems with solutions /
260 ## - PUBLICATION, DISTRIBUTION, ETC. (IMPRINT)
Place of publication, distribution, etc New Dehli
Name of publisher, distributor, etc PHI Learning
Date of publication, distribution, etc 2011
270 ## - ADDRESS
Address M-97, Connaught Circus,
City New Delhi
Postal code 110 001
300 ## - PHYSICAL DESCRIPTION
Extent xi, 363 p.
Dimensions 24cm (pbk)
500 ## - GENERAL NOTE
General note Includes index
942 ## - ADDED ENTRY ELEMENTS (KOHA)
Institution code [OBSOLETE] dpl
Item type English Books
Source of classification or shelving scheme Dewey Decimal Classification
Classification part 530.12
Call number suffix ARU
Holdings
Withdrawn status Lost status Source of classification or shelving scheme Damaged status Not for loan Collection code Home library Current library Date acquired Source of acquisition Cost, normal purchase price Total Checkouts Full call number Barcode Date last seen Copy number Cost, replacement price Koha item type
    Dewey Decimal Classification   Not For Loan Non-fiction D.B.Act.Division D.B.Act.Division 14/12/2010 DBAD/PUB 295.00   530.12 ARU EN-85341 14/12/2010 1 295.00 English Books

© Delhi Public Library
Hit Counter
free hit counter